| 000 | 01334cam a2200301 i 4500 | ||
|---|---|---|---|
| 003 | SA-RiAUC | ||
| 005 | 20250430082026.0 | ||
| 008 | 250429s2008____le ab g b 000 0 ara c | ||
| 020 | _a9953753601 | ||
| 040 |
_aSA-RiKAPL _bara _cSA-RiAUC _erda |
||
| 043 | _aa-su--- | ||
| 082 | 0 | 4 | _a915.312 |
| 090 |
_a915.312 _bر ج ب |
||
| 100 | 1 |
_aرجب، عمر الفاروق السيد _eمؤلف. |
|
| 245 | 1 | 2 |
_aالحجاز : _bالمنطقة الغربية من المملكة العربية السعودية : أرضه وسكانه، درسات إيكولوجية / _cعمر الفاروق السيد رجب. |
| 264 | 1 |
_aبيروت : _aجدة، السعودية : _bدار ومكتبة الهلال ؛ _bدار الشروق، _c2008 |
|
| 300 |
_a384 صفحة : _bخرائط، رسوم ؛ _c24 سم. |
||
| 336 |
_aنص _btxt _2rdacontent _3كتاب |
||
| 337 |
_aبدون وسيط _bn _2rdamedia |
||
| 338 |
_aمجلد _bnc _2rdacarrier |
||
| 490 | 1 | _aالمكتبة الجامعية | |
| 504 | _aببليوجرافية : صفحة 367-384. | ||
| 651 | 7 |
_aالحجاز (السعودية) _xجغرافيا _2aucsh |
|
| 651 | 7 |
_aالحجاز (السعودية) _xالسكان _2aucsh |
|
| 830 | 2 | _aالمكتبة الجامعية (دار ومكتبة الهلال) | |
| 942 |
_2ddc _cBOOK _n0 |
||
| 949 |
_aSA-JeALM _d250429 _umohamedma123 _n1 |
||
| 999 |
_c7477 _d7477 |
||